|
|
|
|
| LEADER |
00000nab a2200000 a 4500 |
| 001 |
vtls000723738 |
| 003 |
SK-MaSNL |
| 005 |
20260302195941.0 |
| 008 |
180205c2000 xo 0 slo |
| 015 |
|
|
|a SNBRB2000/06-15242
|
| 035 |
|
|
|a CLN000075903
|
| 040 |
|
|
|a SNKBUCL
|b slo
|c SNKBUCL
|e AACR2
|
| 041 |
0 |
|
|a slo
|
| 044 |
|
|
|a xo
|c SK
|
| 080 |
|
|
|a 336.712(437.6)
|2 UDC-MRF-SK2
|
| 100 |
1 |
|
|a Kušnír, Peter
|4 aut
|9 648379
|
| 245 |
1 |
0 |
|a Stabilizovaná Istrobanka
|b v najbližšej budúcnosti chce banka využívať synergické efekty vyplývajúce zo spolupráce s akcionármi
|c Peter Kušnír
|
| 610 |
|
7 |
|a Istrobanka (Slovensko)
|2 snkbucl
|9 839187
|
| 655 |
|
7 |
|a články z novín a časopisov
|2 snkbucl
|9 267496
|
| 773 |
0 |
|
|x 1335-4620
|t Profit
|g Roč. 8, č. 14 (2000), s. 30
|
| 850 |
|
|
|a Slovenská národná knižnica v Martine
|
| 852 |
|
|
|a SNK
|b KIS3GCP
|
| 958 |
|
|
|a RBX
|
| 999 |
|
|
|c 1454613
|d 1456543
|